Filosofía política contemporánea: controversias sobre civilización, imperio y ciudadanía /
Guardado en:
| Hovedforfatter: | |
|---|---|
| Institution som forfatter: | |
| Andre forfattere: | |
| Format: | Texto |
| Udgivet: |
Buenos Aires:
CLACSO
|
| Fag: | |
| Tags: |
Tilføj Tag
Ingen Tags, Vær først til at tagge denne postø!
|
MARC
| LEADER | 00000 a a2200000 04500 | ||
|---|---|---|---|
| 001 | 28981 | ||
| 003 | |||
| 040 | |||
| 020 | |a 950-9231-87-8 | ||
| 090 | |a 190506 | ||
| 100 | |a Boron, Atilio A | ||
| 110 | |a Consejo Latinoamericano de Ciencias Sociales | ||
| 245 | |a Filosofía política contemporánea: controversias sobre civilización, imperio y ciudadanía / |c Atilio Boron A | ||
| 260 | |a Buenos Aires: |b CLACSO | ||
| 300 | |a 384 p | ||
| 650 | |a IDEOLOGIAS POLITICAS | ||
| 650 | |a DEMOCRACIA | ||
| 650 | |a GUERRA | ||
| 650 | |a MARXISMO | ||
| 700 | |a comp | ||
| 999 | |c 8132 |d 8132 | ||



